| 000 | 00582nam a22001817a 4500 | ||
|---|---|---|---|
| 003 | CEME | ||
| 005 | 20210628204027.0 | ||
| 008 | 210114b xxu||||| |||| 00| 0 eng d | ||
| 020 | _a9781849517829 | ||
| 040 | _cceme | ||
| 082 | _a006.37 MAS | ||
| 100 |
_aBaggio, Daniel Lelis , Emami, Shervin , Escriva, David Millan _968320 |
||
| 245 | _aMastering open cv with practical computer vision projects | ||
| 260 |
_aUK _bPACKT PUBLISHING _c2012 |
||
| 300 | _a318P | ||
| 650 |
_aMASTERING OPEN CV.COMPUTER VISION. FACE RECOGNITION.COMPUTER VISION PROBLEMS. _968321 |
||
| 942 |
_cBK _2ddc |
||
| 999 |
_c575920 _d575920 |
||